000 00625nam a2200241 a 4500
001 nice12345678
003 IN_TiNIC
005 20260116013725.0
008 050524s1997 newa grp 000 0 eng
020 _a8121504
_c250
082 0 0 _a954.0072
_bHAR
100 _aHardy, P
245 _aHistorians of Medieval India
260 _aNew Delhi
_bMunshiram Manoharlal Publishers
_c1997
300 _a146p
500 _aincludes index and biblioraphy
505 2 _aGlossary, Bibliography, Index
650 _aIndia-Historiography
700 1 _aHardy, P
902 _bSRS
942 _cBK
999 _c12162
_d12162